| 000 -LEADER |
| fixed length control field |
01815nam a2200325 i 4500 |
| 003 - CONTROL NUMBER IDENTIFIER |
| control field |
OSt |
| 005 - DATE AND TIME OF LATEST TRANSACTION |
| control field |
20250825080549.0 |
| 008 - FIXED-LENGTH DATA ELEMENTS--GENERAL INFORMATION |
| fixed length control field |
250404s2025 nyua j 6b 000 1 eng d |
| 020 ## - INTERNATIONAL STANDARD BOOK NUMBER |
| International Standard Book Number |
9781338777215 |
| 040 ## - CATALOGING SOURCE |
| Original cataloging agency |
DLC |
| Language of cataloging |
eng |
| Description conventions |
rda |
| Transcribing agency |
DLC |
| Modifying agency |
CaOL |
| -- |
KH8 |
| 082 ## - DEWEY DECIMAL CLASSIFICATION NUMBER |
| Classification number |
FIC TEL |
| 100 1# - MAIN ENTRY--PERSONAL NAME |
| Personal name |
Telgemeier, Raina, |
| Relator term |
author, |
| -- |
illustrator. |
| 245 14 - TITLE STATEMENT |
| Title |
The cartoonists club / |
| Statement of responsibility, etc. |
Raina Telgemeier & Scott McCloud ; inking by Ray Baehr ; color by Beniam C. Hollman ; lettering by Jesse Post. |
| 250 ## - EDITION STATEMENT |
| Edition statement |
First edition. |
| 264 #1 - PRODUCTION, PUBLICATION, DISTRIBUTION, MANUFACTURE, AND COPYRIGHT NOTICE |
| Place of production, publication, distribution, manufacture |
New York : |
| Name of producer, publisher, distributor, manufacturer |
Scholastic, an imprint of Scholastic, |
| Date of production, publication, distribution, manufacture, or copyright notice |
2025. |
| 300 ## - PHYSICAL DESCRIPTION |
| Extent |
261 pages : |
| Other physical details |
chiefly colour illustrations ; |
| Dimensions |
21 cm. |
| 336 ## - CONTENT TYPE |
| Content type term |
text |
| Content type code |
txt |
| Source |
rdacontent. |
| 336 ## - CONTENT TYPE |
| Content type term |
still image |
| Content type code |
sti |
| Source |
rdacontent. |
| 337 ## - MEDIA TYPE |
| Media type term |
unmediated |
| Media type code |
n |
| Source |
rdamedia. |
| 338 ## - CARRIER TYPE |
| Carrier type term |
volume |
| Carrier type code |
nc |
| Source |
rdacarrier. |
| 500 ## - GENERAL NOTE |
| General note |
Includes an interview with Raina Telgemeier and Scott McCloud, a glossary, and information about cartooning as a profession. |
| 504 ## - BIBLIOGRAPHY, ETC. NOTE |
| Bibliography, etc. note |
Includes bibliographical references. |
| 520 ## - SUMMARY, ETC. |
| Summary, etc. |
"Makayla is bursting with ideas but doesn't know how to make them into a story. Howard loves to draw, but he struggles to come up with ideas and his dad thinks comics are a waste of time. Lynda constantly draws in her sketchbook but can't help but focus on what she feels are mistakes, and Art simply loves being creative and is excited to try something new. They come together to form the Cartoonists Club, where kids can learn about making comics and use their creativity and imagination for their own storytelling adventures!"-- |
| Assigning source |
Provided by publisher. |
| 650 #0 - SUBJECT ADDED ENTRY--TOPICAL TERM |
| Topical term or geographic name entry element |
Cartoonists |
| Form subdivision |
Juvenile fiction. |
| 650 #0 - SUBJECT ADDED ENTRY--TOPICAL TERM |
| Topical term or geographic name entry element |
Clubs |
| Form subdivision |
Juvenile fiction. |
| 650 #0 - SUBJECT ADDED ENTRY--TOPICAL TERM |
| Topical term or geographic name entry element |
Graphic novels. |
| Source of heading or term |
genre. |
| 700 1# - ADDED ENTRY--PERSONAL NAME |
| Personal name |
McCloud, Scott, |
| Dates associated with a name |
1960- |
| Relator term |
author, |
| -- |
illustrator. |
| 700 1# - ADDED ENTRY--PERSONAL NAME |
| Personal name |
Baehr, Ray, |
| Relator term |
inker. |
| 942 ## - ADDED ENTRY ELEMENTS (KOHA) |
| Source of classification or shelving scheme |
|
| Koha item type |
Graphic Novel |